000
00240nam a22000857a 4500
999
_c
11402
_d
11402
008
190416b ||||| |||| 00| 0 eng d
020
_a
1855391740
100
_9
7134
_a
BOWKETT STEPHEN
245
_a
CATCH MINITALES SHORT HORROR STORIES WIRH A STING